Lapuťák a kapitán Adorabl
Saved in:
| Main Author | |
|---|---|
| Format | Electronic eBook |
| Language | Czech |
| Published |
Pikola
2025
|
| Edition | 1. elektronické vydání |
| Subjects | |
| Online Access | Dostupné v BOOKPORT po přihlášení pomocí eduID |
| ISBN | 978-80-284-1108-4 978-80-284-0490-1 |
| Physical Description | 1 online zdroj (248 stran) |
Cover
| LEADER | 00000nam a2200000 i 4500 | ||
|---|---|---|---|
| 001 | bkp770666336 | ||
| 003 | CZ-prgp | ||
| 005 | 20260525091056.0 | ||
| 006 | m o d | ||
| 007 | cr cn | ||
| 008 | 260525s2025 xr o 000 0 cze | ||
| 020 | |a 978-80-284-1108-4 |c 289 Kč |q (online ; epub) | ||
| 020 | |a 978-80-284-0490-1 |c 289 Kč |q (print) | ||
| 040 | |a Grada |b cze |e rda | ||
| 100 | 1 | |a Dominik, Landsman | |
| 245 | 1 | 0 | |a Lapuťák a kapitán Adorabl |c Landsman Dominik |
| 250 | |a 1. elektronické vydání | ||
| 264 | 1 | |b Pikola |c 2025 | |
| 300 | |a 1 online zdroj (248 stran) | ||
| 336 | |a text |b txt |2 rdacontent | ||
| 337 | |a počítač |b c |2 rdamedia | ||
| 338 | |a online zdroj |b cr |2 rdacarrier | ||
| 520 | 3 | |a Dobrodružná knížka plná humoru pro děti a jejich rodiče. Čeněk, obyčejný malý kluk, jede s rodiči k moři. Setká se tam s kapitánem Adorablem, lovcem odměn a zvláštních tvorů, který pluje ve své lodi po celém Sedmimoří, pohádkovém světě plném ostrovů. Je zrovna na stopě Lapuťáka, nejvzácnějšího tvora Sedmimoří. Kapitán vezme Čeňka s sebou, ale pravidelně se vracejí zpátky do našeho světa, aby rodiče nepojali podezření, kam se jim synek ztrácí. Čeněk zjistí, že nejedno moudro, které pochytil od mírně potrhlých rodičů, se dá překvapivě dobře aplikovat i na problémy, se kterými se setká v dobrodružném Sedmimoří. Také se ukáže, že Lapuťák má jistou zázračnou vlastnost, kvůli které ho nahání polovina kouzelné říše, a Čeněk s kapitánem musí zabránit tomu, aby padl do špatných rukou. | |
| 650 | 0 | 4 | |a Dobrodružství, napětí, fantasy |
| 650 | 0 | 4 | |a Příběhy, deníky |
| 856 | 4 | 0 | |u https://www.bookport.cz/AccountSaml/SignIn/?idp=https://shibboleth.utb.cz/idp/shibboleth&returnUrl=/kniha/laputak-a-kapitan-adorabl-16124/ |y Dostupné v BOOKPORT po přihlášení pomocí eduID |